Une lettre suffit pour répondre juste #16 (attention 10 lettres tuent) - Statistiques

Statistiques générales
  • Ce quiz a été pris 93 fois
  • Le résultat moyen est 4 sur 6
Statistiques - réponses
Hint Réponse % Correct
Donne une des 5 lettres du mot qui désigne ce qui ne contient pas de substance d'origine animale et dont la fabrication est respectueuse des animaux VEGAN
100%
Donne une des 4 lettres qui complète le nom de ce film de 2008 en extrait : L'Incroyable _ _ _ _
HULK
99%
Donne une des 3 lettres qui désigne le Cannabidiol CBD
68%
Donne une des 2 lettres du nom du type de code-barres à deux dimensions constitué de modules-carrés noirs disposés dans un carré à fond blanc : Code ?? QR
56%
Donne la lettre qui complète l'expression signifiant se tenir bien droit : Se tenir droit comme un ? I
48%
Donne la lettre qui complète le nom du groupe de metal en extrait : Type ? Negative
O
23%
Aucun quiz correspondant
Distribution des résultats
% des personnes avec chaque résultat
Percentile par nombre de réponses
Votre historique - résultats
Vous n’avez pas pris ce quiz